000 00420nam a2200181Ia 4500
001 22795
005 20260414150854.0
008 260414t2007||||xx |||||||||||||| ||spa||
041 _aESP
082 _a623.8933
_bB72
100 _aBole, Alan
_eAUT
245 0 _aRadar and ARPA manual
_b
260 _c2007
300 _axiii, 546 páginas :
_c25 cm.
650 _aCIS
654 _aCAN
942 _cLIB
_dJUS
_fJUS
_2ddc
_n
999 _c22795
_d22795